Movies Quiz

Random Movies or Actor Quiz

Double Cast Characters Quiz Stats

 Plays Quiz not verified by Sporcle

Challenge
Share
Tweet
Score 0/20 Timer 05:00
0 Plays Today
% Correct
Titanic (Rose Dewitt Bukater)
91.8%
Face/Off (Sean Archer/Castor Troy)
91.8%
Freaky Friday (Anna/Tess Coleman)
89.1%
Star Trek (Mr. Spock)
87.6%
Looper (Joe)
85.6%
Indiana Jones and the Last Crusade (Indiana Jones)
83.5%
13 Going On 30 (Jenna Rink)
78.4%
The Notebook (Noah 'Duke' Calhoun)
73.5%
Big (Josh Baskin)
73.5%
The Lion King (Simba)
72.2%
% Correct
17 Again (Mike O'Donnell)
68%
Big Fish (Edward Bloom)
61.2%
Stand By Me (Gordie LaChance)
57.7%
The Grand Budapest Hotel (Zero Moustafa)
52.6%
The Imaginarium of Doctor Parnassus (Tony)
50.5%
Men In Black 3 (Agent K)
45.4%
Iris (Iris Murdoch)
40.8%
Dodgeball: A True Underdog Story (Patches O'Houlihan)
39.2%
Now and Then (Roberta Martin)
38.1%
The Fox and the Hound (Copper)
23.9%

You're not logged in!

Compare scores with friends on all Sporcle quizzes.
OR
Log In

You Might Also Like...

Show Comments

Extras

Top Quizzes Today


Score Distribution

Your Account Isn't Verified!

In order to create a playlist on Sporcle, you need to verify the email address you used during registration. Go to your Sporcle Settings to finish the process.

Report this User

Report this user for behavior that violates our Community Guidelines.

Details: